Statistics for Countries who have gone to war

Click here to take the quiz!

General Stats

  • This quiz has been taken 13 times
  • The average score is 9 of 15

Answer Stats

Question Answer % Correct
Robert the Bruce led the Scots against which country?England
100%
The UK and which country went to war over the Falkland islands?Argentina
100%
Who was England's primary opponent during the 100 years war?France
100%
Which of these countries did Italy fight in 1936?Ethiopia
92%
Texas fought an independence war against whom?Mexico
85%
Who did the Zulu's fight against during the battle of Rorke's drift?UK
77%
The USA and which country went to war over the Phillipines?Spain
77%
Which of these countries was a member of the Entente in WW1?Japan
54%
The UK fought who in the war of 1812?USA
54%
The battle of Kadesh was fought between Egypt and who?The Hittites
46%
Which of these countries did Russia not fight in the Crimean war?Prussia
23%
The football war was fought between Honduras and which country?El salvador
23%
Ceasar conquered gaul, subduing which major celtic tribe in the process?Arveni
15%
Which of these countries did sardinia-Piedmont not fight against during the Risorgimento?France
8%
The emirate of cordoba tried, but failed, to conquer which iberian kingdom?Asturias
8%

Score Distribution

Percentile by Number Answered

Percent of People with Each Score

Your Score History

You have not taken this quiz